000 00297nam a22001337a 4500
008 170802b xxu||||| |||| 00| 0 eng d
020 _a752064059493
041 _aeng
080 _23RD
_a004
100 _a32
101 _aSHK
245 _aDESIGNING WEB GRAPHICS.3
_cWEINMAN,L
942 _2udc
_cBK
999 _c22464
_d22464